| 000 | 01106nam a2200301 u 4500 | ||
|---|---|---|---|
| 001 | 000020482 | ||
| 003 | DO-SdBPM | ||
| 005 | 20241025105958.0 | ||
| 008 | 100813s2016 dr a 000 0 spa d | ||
| 020 | _a9789945167634 | ||
| 040 |
_aDO-SdBPM _bspa _cBPMSU |
||
| 082 | 4 |
_a070.449796 _bN714p 2016 _222 |
|
| 100 | 1 | _aNina Gómez, Carlos | |
| 100 | z | _aGómez, Carlos Nina | |
| 245 | 1 | 3 |
_aLa prensa deportiva dominicana : _bacademia, perspectiva, principios y ética / _cCarlos Nina Gómez ; prólogo Luis Fernández; ilustraciones Osiris Gómez. |
| 260 |
_aSanto Domingo : _bEditora Búho, _c2016. |
||
| 300 |
_a309 p. : _bil. ; _c23 cm. |
||
| 500 | _aIncluye datos biográficos del autor en la contracubierta | ||
| 504 | _aBibliografías : p. 309 | ||
| 590 | _aInventariado,2024/VM | ||
| 650 | 4 |
_aPeriodismo deportivo _zRepública Dominicana |
|
| 650 | 4 |
_aCrónica deportiva _zRepública Dominicana |
|
| 650 | 4 |
_aDeportes _zRepública Dominicana _xHistoria |
|
| 700 | 1 |
_aFernández, Luis, _eprólogo |
|
| 700 | 1 |
_aGómez, Osiris, _eil. |
|
| 910 | _aVMateo V. Control de calidad BPMSU | ||
| 942 |
_2ddc _cBK |
||
| 999 |
_c12636 _d12636 |
||